01535cam a22004214a 4500003000900000005001700009008004100026020003700067020004000104035002700144040003300171082001900204245018300223264004800406300003900454336002600493337002800519338002700547490002900574504003500603505021200638526001000850526001000860526001000870526001000880526000800890526000800898526000800906526000800914526000800922526000800930526000800938650005100946650004000997655002101037700002901058700002601087PE-LiUPU20250731172842.0110531s2011 ilu b 001 0 eng  a0830839445q(pbk. ;qalk. paper) a9780830839445q(pbk. ;qalk. paper) a(Sirsi) i9780830839445 aPE-LiUPUbspacPE-LiUPUerda00a234.7bJ9322300aJustification :bFive views /cEdited by James K. Beilby and Paul Rhodes Eddy ; associate editor, Steven E. Eenderlein [sic] ; with contributions by Michael F. Bird [and others]. aDowners Grove, Ill. :bIVP Academic,c2011. a319 páginas ;c23 centímetros. atextbtxt2rdacontent aunmediatedbn2rdamedia avolumebnc2rdacarrier1 aSpectrum multiview books aÍndices : páginas 310-319.00aJustification in historical perspective -- Justification in contemporary debate -- Traditional Reformed view -- Progressive Reformed view -- New perspective view -- Deification view -- Roman Catholic view. aSEG42 aSEG41 aSEG40 aSEG39 aP94 aP87 aP86 aP85 aP77 aP76 aP3507aRechtfertigungslehre.0(DE-588c)4121563-12swd07aTheologie.0(DE-588c)4059758-12swd 4aAufsatzsammlung.1 aBeilby, James K,eautor.1 aEddy, Paul R,eautor.